Desserts - Mort Subite - Statistiques

Statistiques générales
  • Ce quiz a été pris 1 072 fois
  • Le résultat moyen est 6 sur 16
Answers on the Grid
Answers color-coded by a green-red scale on the quiz's grid according to % correct below.
Crème brûlée
Banana split
Gelato
Tarte aux patates douces
Pouding chômeur
Pom
Tavče gravče
Pudding and souse
Boudin blanc
Lamington
Sfouf
Tiramisu
Poires au vin
Sancocho
Nihari
Sauerbraten
Chipa guasu
Kürtőskalács
Mi-cuit au chocolat
Lupis / Lopis
Sakuramochi
Bún bò huế
Sukiyaki
Chankonabe
Poutine
Şekerpare
Tocino de cielo
Profiteroles
 
Statistiques - réponses
Réponse % Correct
Tiramisu
83%
Crème brûlée
82%
Banana split
76%
Profiteroles
73%
Mi-cuit au chocolat
69%
Gelato
62%
Poires au vin
58%
Pouding chômeur
27%
Tarte aux patates douces
23%
Sakuramochi
14%
Tocino de cielo
9%
Sfouf
6%
Kürtőskalács
4%
Lupis / Lopis
4%
Lamington
3%
Şekerpare
3%
Aucun quiz correspondant
Distribution des résultats
% des personnes avec chaque résultat
Percentile par nombre de réponses
Votre historique - résultats
Vous n’avez pas pris ce quiz